000 00657nam a22002057a 4500
005 20260625112246.0
010 _aENG-146470
020 _c545.00
_a9788196152451
035 _aEN-130002
037 _bDBAD
082 _a921
_21
100 _aR Prakash
_989464
245 _aMENTORPRENEUR:
_bDr. A. S. Aiyar/
_cR Prakash
250 _a1
260 _aBengaluru
_bPrism Books Pvt. Ltd.
_c2023
270 _a1865, 32nd Cross, 10th Main BSK II Stage
_bBengaluru
_e560070
_k080-26714108
_mlogistics@prismbooks.com
300 _a299p.
_c23cm (hb)
500 _aA Pioneer of the Indian food Processing Industry
942 _2ddc
_cEN
_h921
_mRPR
999 _c216785
_d216785